| 000 | 00911nam a22003017a 4500 | ||
|---|---|---|---|
| 001 | BR9401717 | ||
| 003 | BR-BrBNA | ||
| 005 | 20230928093913.0 | ||
| 007 | ta | ||
| 008 | 230509b bl.||||| |||| 00| 0 por d | ||
| 040 |
_aBR-BrBNA _bpor _cBiblioteca Nacional de Agricultura |
||
| 041 | _a(Por) | ||
| 072 |
_aE21 _b9320 _b8961 |
||
| 090 | _ 9320 BR9401717 | ||
| 110 | 1 |
_aInstituto de Pesquisas Tecnologicas, Sao Paulo, SP (Brasil) _96224 |
|
| 245 | 1 | _aProjeto integrado acucar e alcool. Carta consulta ao Fundo de Incentivo a Pesquisa Tecnico-Cientifica do Banco do Brasil S/A (FIPEC) | |
| 260 | 3 |
_aSao Paulo, SP (Brasil): _c1977. |
|
| 300 | _a151 p. | ||
| 500 | _a27 tables | ||
| 650 | _aAcucar | ||
| 650 | _aAlcool | ||
| 650 | _aIndustria Agricola | ||
| 650 | _aProjeto de Desenvolvimento | ||
| 650 | _aCusto | ||
| 650 | _aFinanciamento | ||
| 909 |
_a202309 _bLucia _c55 _dLucia Elande |
||
| 942 | _cBK | ||
| 999 |
_c47809 _d47809 |
||